Sports General Knowledge #2 by Meast - Statistics

General Stats
  • This quiz has been taken 90 times
  • The average score is 8 of 20
Answer Stats
Hint Answer % Correct
When Derek Jeter achieved his 3,000th hit in the MLB, what kind of hit was it? HR
94%
What is the name of the stadium where the Kansas City Chiefs play? Arrowhead
91%
Which university has the largest college football stadium? University of Michigan
81%
What is the name of the term when the pitcher makes an illegal motion? Balk
79%
What year was it when it was the first time that overtime was needed in a Superbowl? 2017 (Patriots vs Falcons)
66%
What year did the first European born NBA player win MVP? 2007 (Dirk Nowitzki)
51%
What player lost in the NBA Finals but still won Finals MVP? Jerry West
47%
Who has the biggest stadium in the Premier League? Manchester United
46%
Who was the first freshman to win the Heisman trophy? Johnny Manziel
30%
Who has scored the most goals in the champions league in the last 5 years? (Oct 2020 - Oct 2025) Haaland
29%
Who is the only player to lead the league in points and assists in the same season? James Harden
27%
Who is the fifth most decorated Olympian of all time? Katie Ledecky
26%
Who tied the game for UNC in the 2016 National Championship with a three pointer, before losing to Kris Jenkins and Villanova seconds later? Marcus Paige
21%
Which player in the NFL holds the record for the most amount of non-offensive touchdowns scored? Devin Hester
19%
Who is the only player to score in 5 different World Cups for Brazil? (Hint:Woman) Marta
19%
Who is the only pitcher to pitch a no-hitter in both the American and the National League? Nolan Ryan
16%
What is the name of the stadium where the Virginia Tech Hokies play? Lane
11%
Which MLB player has the most postseason HRs? Manny Ramirez
7%
Who is the second team to make the NCAA Championship as an 8 seed? Butler
6%
Which player in the MLB is the only player to hit a HR before 20 and after 40? Ty Cobb
0%
No matching quizzes found
Score Distribution
Percent of People with Each Score
Percentile by Number Answered
Your Score History
You have not taken this quiz